| 000 | 01447cam a2200277 i 4500 | ||
|---|---|---|---|
| 003 | SA-RiAUC | ||
| 005 | 20250918065631.0 | ||
| 008 | 250916s2009 ii g 000r0 ara c | ||
| 040 |
_aSA-JeALM _bara _cSA-RiAUC _erda |
||
| 082 | 0 | 4 |
_a231 _qSA-RiAUC |
| 090 |
_a231 _bل ك ن |
||
| 100 | 1 |
_aاللكنوي، محمد عبد الحي بن محمد عبد الحليم، _d1264-1304 هجري _eمؤلف. |
|
| 245 | 1 | 0 |
_aظفر الأماني في مختصر الجرجاني / _cأبو الحسنات محمد عبد الحي اللكنوي ؛ حققه وخرج نصوصه وعلق عليه تقي الدين الندوي. |
| 250 | _aالطبعة الثانية، مزيدة ومنقحة. | ||
| 264 | 1 |
_aمظفرفور، الهند : _bمركز الشيخ أبي الحسن الندوي للبحوث والدراسات الإسلامية، _c2009 |
|
| 300 |
_a584 صفحة ؛ _c24 سم. |
||
| 336 |
_aنص _btxt _2rdacontent _3كتاب |
||
| 337 |
_aبدون وسيط _bn _2rdamedia |
||
| 338 |
_aمجلد _bnc _2rdacarrier |
||
| 650 | 7 |
_aالحديث _xمصطلح _2aucsh |
|
| 700 | 1 |
_aالمظاهري، تقي الدين الندوي، _d1934- _eمحقق. |
|
| 700 | 1 | 2 |
_aالجرجاني، علي بن محمد بن علي، _d740-816 هجري. _tمختصر الجرجاني في مصطلح الحديث. |
| 740 | 0 | 2 | _aمختصر الجرجاني في مصطلح الحديث. |
| 942 |
_2ddc _cBOOK _n0 |
||
| 949 |
_aSA-JeALM _d250916 _uosman123 _n1 |
||
| 999 |
_c11895 _d11895 |
||